Phân cụm dữ liệu mờ theo tiếp cận đại số gia tử : Luận văn thạc sĩ - Chuyên ngành: Khoa học máy tính

Uloženo v:
Podrobná bibliografie
Hlavní autor: Phạm, Xuân Thảo
Médium: Luận văn
Jazyk:Undetermined
Vydáno: Trường Đại học Công nghiệp Tp. Hồ Chí Minh 2019
Témata:
Tagy: Přidat tag
Žádné tagy, Buďte první, kdo otaguje tento záznam!
Thư viện lưu trữ: Trung tâm Thư viện - Trường Đại học Công nghiệp TP. Hồ Chí Minh
LEADER 00653nam a2200157Ia 4500
001 UIH_01397
008 230809s9999 xx 000 0 und d
082 |a 4 
100 |a Phạm, Xuân Thảo 
245 0 |a Phân cụm dữ liệu mờ theo tiếp cận đại số gia tử : Luận văn thạc sĩ - Chuyên ngành: Khoa học máy tính 
245 0 |c Phạm, Xuân Thảo 
260 |b Trường Đại học Công nghiệp Tp. Hồ Chí Minh 
260 |c 2019 
650 |a Khoa học máy tính; 
927 |a Luận văn 
980 |a Trung tâm Thư viện - Trường Đại học Công nghiệp TP. Hồ Chí Minh